[Event "Loire-ch Top20 1415"]
[Site "Loire"]
[Date "2014.11.08"]
[Round "2"]
[White "Andre, Gregory"]
[Black "Buisine, Roman"]
[Result "0-1"]
[WhiteElo "1846"]
[BlackElo "1685"]
[PlyCount "64"]
[EventDate "2014.10.04"]
[EventType "swiss"]
[EventRounds "7"]
[EventCountry "FRA"]
[SourceTitle "EXT 2016"]
[Source "ChessBase"]
[SourceDate "2015.10.08"]
[SourceVersion "1"]
[SourceVersionDate "2015.10.08"]
[SourceQuality "1"]

1. Nf3 d5 2. c4 c6 3. b3 Nf6 4. Bb2 Bf5 5. e3 e6 6. Nc3 Bd6 7. cxd5 exd5 8. g3 0-0 9. Bg2 Bd3 10. Ne2 Nbd7 11. 0-0 Re8 12. Re1 c5 13. Nc1 Ba6 14. d3 b5 15. Ne2 Rc8 16. Rc1 Qb6 17. Rc2 c4 18. Ng5 h6 19. Nxf7 Kxf7 20. dxc4 dxc4 21. Bd5+ Kf8 22. Bf3 Ne5 23. Nf4 Nxf3+ 24. Qxf3 Bb7 25. Qd1 Bxf4 26. exf4 Qc6 27. Ba3+ Kg8 28. f3 Rxe1+ 29. Qxe1 Qxf3 30. Qe6+ Kh8 31. Re2 Re8 32. Be7 Ng4 0-1

[Event "Loire-ch Top20 1314"]
[Site "Loire"]
[Date "2013.10.05"]
[Round "2"]
[White "Andre, Gregory"]
[Black "Furnon, Yannick"]
[Result "1/2-1/2"]
[WhiteElo "1890"]
[BlackElo "1870"]
[PlyCount "36"]
[EventDate "2014.09.21"]
[EventType "swiss"]
[EventRounds "9"]
[EventCountry "FRA"]
[SourceTitle "EXT 2015"]
[Source "ChessBase"]
[SourceDate "2014.11.20"]
[SourceVersion "1"]
[SourceVersionDate "2014.11.20"]
[SourceQuality "1"]

1. Nf3 d5 2. c4 e6 3. g3 d4 4. d3 Nc6 5. Bg2 Nf6 6. 0-0 Be7 7. a3 a5 8. Nbd2 0-0 9. b3 e5 10. Ne4 Nxe4 11. dxe4 Bg4 12. Ne1 Qd7 13. Nd3 Rad8 14. Rb1 Bh3 15. f3 Bxg2 16. Kxg2 f5 17. exf5 Qxf5 18. Bb2 g5 1/2-1/2

[Event "Loire-ch Top20 1213"]
[Site "Loire"]
[Date "2013.03.22"]
[Round "7"]
[White "Buisine, Roman"]
[Black "Andre, Gregory"]
[Result "0-1"]
[WhiteElo "1646"]
[BlackElo "1840"]
[PlyCount "52"]
[EventDate "2012.10.06"]
[EventType "swiss"]
[EventRounds "8"]
[EventCountry "FRA"]
[SourceTitle "EXT 2014"]
[Source "ChessBase"]
[SourceDate "2013.11.20"]
[SourceVersion "1"]
[SourceVersionDate "2013.11.20"]
[SourceQuality "1"]

1. e4 e6 2. d4 d5 3. e5 c5 4. c3 Qb6 5. Nf3 Nc6 6. a3 Nh6 7. b4 cxd4 8. cxd4 Nf5 9. Be3 Bd7 10. Be2 Be7 11. 0-0 0-0 12. Nc3 f6 13. Na4 Qd8 14. b5 Na5 15. Bf4 b6 16. g4 fxe5 17. Bxe5 Nd6 18. Qb1 Ndc4 19. Bd3 Be8 20. Be2 Nxa3 21. Qc1 Nb3 22. Qe3 Nxa1 23. Bxg7 Kxg7 24. Qxe6 Qd6 25. Qe3 N1c2 26. Qd3 Bg6 0-1